[Event "HUN-chT2 Barcza 1819"]
[Site "Hungary"]
[Date "2019.04.28"]
[Round "11.9"]
[White "Vass, Boglarka"]
[Black "Galko, Tibor"]
[Result "0-1"]
[WhiteElo "1559"]
[BlackElo "1901"]
[PlyCount "98"]
[EventDate "2018.09.23"]
[EventType "team-tourn"]
[EventRounds "11"]
[EventCountry "HUN"]
[SourceTitle "EXT 2021"]
[Source "ChessBase"]
[SourceDate "2020.10.23"]
[SourceVersion "1"]
[SourceVersionDate "2020.10.23"]
[SourceQuality "1"]
[WhiteTeam "Debrecen Sakkiskola"]
[BlackTeam "Edeleny"]
[WhiteTeamCountry "HUN"]
[BlackTeamCountry "HUN"]

1. e4 d5 2. exd5 Qxd5 3. Nc3 Qa5 4. d4 c6 5. Nf3 Nf6 6. Bc4 Bf5 7. Bd2 Qc7 8. Ne5 e6 9. Bf4 Bd6 10. Qe2 Nbd7 11. h3 Nb6 12. Bb3 0-0-0 13. 0-0-0 Nfd5 14. Nxd5 exd5 15. g4 Be6 16. Bd2 Rde8 17. Rhe1 f6 18. Nd3 Re7 19. Be3 Rhe8 20. Nc5 Bf7 21. Qf3 Bg6 22. h4 h6 23. g5 hxg5 24. hxg5 f5 25. Nd3 Nc4 26. Bxc4 dxc4 27. Nf4 Bxf4 28. Bxf4 Qa5 29. Rxe7 Rxe7 30. a3 Re4 31. Be5 Rh4 32. Qe2 Qd5 33. Qd2 Bh5 34. Re1 Rh1 35. c3 Qe4 36. Rxh1 Qxh1+ 37. Kc2 Bf3 38. Qc1 Be4+ 39. Kd2 Qf3 40. Qf1 Bd3 41. Qe1 Be4 42. Qe3 Qh1 43. Qe1 Qh3 44. Qe3 Qf1 45. Qe2 Qb1 46. Ke3 Qc1+ 47. Qd2 Qh1 48. Qe2 Bd3 49. Qf3 Qc1# 0-1

[Event "HUN-chT2 Maroczy 1819"]
[Site "Hungary"]
[Date "2018.09.23"]
[Round "1.12"]
[White "Vass, Boglarka"]
[Black "Szalaji, Renata"]
[Result "1-0"]
[WhiteElo "1559"]
[BlackElo "1894"]
[PlyCount "95"]
[EventDate "2018.09.23"]
[EventType "team-tourn"]
[EventRounds "11"]
[EventCountry "HUN"]
[SourceTitle "EXT 2020"]
[Source "ChessBase"]
[SourceDate "2019.10.17"]
[SourceVersion "1"]
[SourceVersionDate "2019.10.17"]
[SourceQuality "1"]
[WhiteTeam "Debrecen Kwizda"]
[BlackTeam "Lillafured DVTK II"]
[WhiteTeamCountry "HUN"]
[BlackTeamCountry "HUN"]

1. e4 e5 2. Bc4 Nf6 3. d3 Nc6 4. Nf3 d6 5. Ng5 d5 6. exd5 Na5 7. Qe2 Nxc4 8. dxc4 Bd6 9. Nc3 0-0 10. Be3 Bb4 11. f3 Bf5 12. 0-0-0 Re8 13. g4 Bd7 14. a3 Bd6 15. h4 a6 16. Nge4 Be7 17. Rdg1 Nxe4 18. Nxe4 b5 19. c5 Bc8 20. Qd3 Bb7 21. c6 Bc8 22. g5 Kh8 23. h5 f5 24. gxf6 Bxf6 25. Bg5 Bf5 26. Bxf6 gxf6 27. Qd2 Bxe4 28. fxe4 Qe7 29. h6 Rg8 30. Qf2 Raf8 31. Rh3 Rxg1+ 32. Qxg1 Rg8 33. Qf2 Rg6 34. b4 Qf8 35. Qe3 Qg8 36. Kb2 Rg4 37. Qf3 Rf4 38. Qh1 Qg6 39. Re3 Qg5 40. Qh3 Qg4 41. Qh1 Kg8 42. Qe1 Kf8 43. Qc3 Qg6 44. d6 Qe8 45. d7 Qd8 46. Qc5+ Kg8 47. Qd5+ Kh8 48. Rg3 1-0

[Event "EU Union-ch U14 16th"]
[Site "Mureck"]
[Date "2018.08.03"]
[Round "3"]
[White "Aalto, Patrik"]
[Black "Vass, Boglarka"]
[Result "1-0"]
[WhiteElo "1860"]
[BlackElo "1605"]
[PlyCount "89"]
[EventDate "2018.08.01"]
[EventType "swiss"]
[EventRounds "9"]
[EventCountry "AUT"]
[SourceTitle "CBM 186 Extra"]
[Source "ChessBase"]
[SourceDate "2018.08.24"]
[SourceVersion "1"]
[SourceVersionDate "2018.08.24"]
[SourceQuality "1"]

1. e4 c5 2. Nf3 Nc6 3. d4 cxd4 4. Nxd4 Nf6 5. Nc3 g6 6. Nxc6 bxc6 7. e5 Ng8 8. Bc4 Bg7 9. Qf3 f5 10. Bf4 e6 11. 0-0-0 Qc7 12. Qg3 Nh6 13. h4 Nf7 14. h5 g5 15. Bxg5 Bxe5 16. f4 Bd6 17. Ne2 Rb8 18. Bf6 Rf8 19. Rhf1 Rb4 20. Qd3 Qb6 21. Ng3 Rxc4 22. Nxf5 exf5 23. Qxc4 Nd8 24. Rxd6 Ne6 25. Bd4 Qc7 26. Be5 Qb6 27. Re1 Qf2 28. Qe2 Qg3 29. Rd3 Qg8 30. Qf2 Qf7 31. Qh4 d5 32. Rb3 Kd7 33. Ra3 a6 34. Rae3 c5 35. Bc3 Kc6 36. Re5 Rg8 37. g3 Bd7 38. Qh1 Nc7 39. Ba5 Nb5 40. c4 Nd4 41. Rxd5 Ne6 42. Rxf5+ Kd6 43. Rxf7 Bc6 44. Qxc6+ Kxc6 45. Rxe6# 1-0

[Event "EU Union-ch U14 16th"]
[Site "Mureck"]
[Date "2018.08.01"]
[Round "1"]
[White "Rosol, Alexander"]
[Black "Vass, Boglarka"]
[Result "1-0"]
[WhiteElo "1950"]
[BlackElo "1605"]
[PlyCount "71"]
[EventDate "2018.08.01"]
[EventType "swiss"]
[EventRounds "9"]
[EventCountry "AUT"]
[SourceTitle "CBM 186 Extra"]
[Source "ChessBase"]
[SourceDate "2018.08.24"]
[SourceVersion "1"]
[SourceVersionDate "2018.08.24"]
[SourceQuality "1"]

1. d4 e6 2. Nf3 b6 3. g3 Bb7 4. Bg2 f5 5. Nbd2 Nf6 6. c4 Be7 7. Qc2 d6 8. 0-0 0-0 9. Re1 Nbd7 10. Ng5 Qc8 11. Nxe6 Rf7 12. Ng5 Rf8 13. Qxf5 Bxg2 14. Kxg2 Qe8 15. Ne6 Nh5 16. Nxf8 Nxf8 17. Ne4 g6 18. Qd5+ Kh8 19. Bg5 c6 20. Nxd6 cxd5 21. Nxe8 Rxe8 22. Bxe7 Rxe7 23. cxd5 Nf6 24. d6 Rd7 25. e4 Ne6 26. d5 Nc5 27. e5 Ne8 28. Re3 Na6 29. Rc1 Rd8 30. d7 Nec7 31. e6 Kg7 32. d6 Nd5 33. e7 Nxe3+ 34. fxe3 Rxd7 35. e8Q Rf7 36. d7 1-0

[Event "HUN-chT2 Barcza 1718"]
[Site "Hungary"]
[Date "2018.02.18"]
[Round "8.12"]
[White "Vass, Boglarka"]
[Black "Simon, Milan Gabor"]
[Result "0-1"]
[WhiteElo "1562"]
[BlackElo "1457"]
[PlyCount "172"]
[EventDate "2017.09.24"]
[EventType "team-tourn"]
[EventRounds "11"]
[EventCountry "HUN"]
[SourceTitle "EXT 2021"]
[Source "ChessBase"]
[SourceDate "2020.10.23"]
[SourceVersion "1"]
[SourceVersionDate "2020.10.23"]
[SourceQuality "1"]
[WhiteTeam "Debrecen Sakkiskola II"]
[BlackTeam "Szirmabesenyo"]
[WhiteTeamCountry "HUN"]
[BlackTeamCountry "HUN"]

1. e4 e5 2. d4 exd4 3. Nf3 Nc6 4. Bc4 Be7 5. c3 d6 6. cxd4 Bg4 7. Qb3 Bxf3 8. gxf3 Nxd4 9. Bxf7+ Kf8 10. Qd1 Kxf7 11. Qxd4 Nf6 12. Nc3 c6 13. Be3 Qc7 14. Rc1 Qd7 15. h4 Qe6 16. b3 Qe5 17. Qd2 Qe6 18. Ne2 Rhd8 19. Nd4 Qd7 20. Qc3 Rac8 21. Rd1 d5 22. Nf5 b6 23. Rg1 Bf8 24. Qe5 Re8 25. Qg3 g6 26. Nd4 dxe4 27. fxe4 Rxe4 28. Nf3 Bb4+ 29. Ke2 Qe7 30. Ng5+ Kg7 31. Nxe4 Nxe4 32. Bd4+ Kg8 33. Qe3 Re8 34. Kf1 c5 35. Ba1 Qf7 36. Kg2 Nc3 37. Qh3 Nxd1 38. Rxd1 Qb7+ 39. Kh2 Qc7+ 40. Kg2 Qc6+ 41. Kf1 Qb5+ 42. Kg2 Qc6+ 43. f3 Re2+ 44. Kf1 Qe8 45. Qg3 Rxa2 46. Be5 Bc3 47. f4 Bxe5 48. fxe5 Qa8 49. Qh3 Qf8+ 50. Kg1 Qf2+ 51. Kh1 Qf5 52. Qe3 Rf2 53. Rd8+ Kf7 54. e6+ Ke7 55. Rd7+ Ke8 56. Rd3 Ke7 57. Rd7+ Ke8 58. Kg1 Rf1+ 59. Kg2 Rf4 60. Rd2 Qe4+ 61. Qxe4 Rxe4 62. Rd7 h5 63. Rxa7 Rxe6 64. Kf3 Re7 65. Ra6 Rb7 66. Ke4 Ke7 67. Kd5 Kf6 68. Ra4 Kf5 69. Kc6 Re7 70. Kxb6 Re5 71. Rc4 g5 72. Kc6 g4 73. Rc1 g3 74. Kd6 Re2 75. Rxc5+ Kg4 76. Rc4+ Kh3 77. b4 g2 78. Rc1 Rf2 79. b5 Rb2 80. Kc6 Kh2 81. b6 g1Q 82. Rxg1 Kxg1 83. b7 Kg2 84. Kc7 Kg3 85. b8Q Rxb8 86. Kxb8 Kxh4 0-1

[Event "HUN-ch U12 Girls"]
[Site "Balatonlelle"]
[Date "2016.06.30"]
[Round "7"]
[White "Vass, Boglarka"]
[Black "Leipold, Zora"]
[Result "0-1"]
[WhiteElo "1328"]
[BlackElo "1388"]
[PlyCount "54"]
[EventDate "2016.06.24"]
[EventType "swiss"]
[EventRounds "7"]
[EventCountry "HUN"]
[SourceTitle "CBM 173 Extra"]
[Source "ChessBase"]
[SourceDate "2016.08.29"]
[SourceVersion "1"]
[SourceVersionDate "2016.08.29"]
[SourceQuality "1"]

1. e4 e5 2. Nf3 Nc6 3. d4 exd4 4. Nxd4 Bc5 5. Be3 Qf6 6. c3 Nge7 7. g3 h5 8. Qd2 Ne5 9. Bf4 Bxd4 10. cxd4 Nf3+ 11. Kd1 Nxd2 12. Nxd2 Qxd4 13. Be3 Qf6 14. Nc4 Qf3+ 15. Kd2 Qxh1 16. Ne5 Qxe4 17. Nd3 d6 18. Rc1 Nd5 19. Bf4 0-0 20. Re1 Qd4 21. f3 Nxf4 22. gxf4 Bf5 23. Re3 Rfe8 24. Rxe8+ Rxe8 25. h4 Re3 26. Be2 Bxd3 27. Bxd3 Qxd3+ 0-1

[Event "HUN-ch U12 Girls"]
[Site "Balatonlelle"]
[Date "2016.06.25"]
[Round "2"]
[White "Vass, Boglarka"]
[Black "Toth, Nikoletta"]
[Result "0-1"]
[WhiteElo "1328"]
[BlackElo "1532"]
[PlyCount "94"]
[EventDate "2016.06.24"]
[EventType "swiss"]
[EventRounds "7"]
[EventCountry "HUN"]
[SourceTitle "CBM 173 Extra"]
[Source "ChessBase"]
[SourceDate "2016.08.29"]
[SourceVersion "1"]
[SourceVersionDate "2016.08.29"]
[SourceQuality "1"]

1. e4 e5 2. d4 exd4 3. Nf3 Nc6 4. Nxd4 Bc5 5. Be3 Qf6 6. c3 Nge7 7. g3 d5 8. Bg2 dxe4 9. Bxe4 Bh3 10. Qf3 Bxd4 11. cxd4 Qxf3 12. Bxf3 Rd8 13. Nc3 Nxd4 14. Bxd4 Rxd4 15. Nb5 Rc4 16. Rd1 0-0 17. Rg1 Be6 18. Bxb7 Rb4 19. Ba6 c6 20. Nd4 Bxa2 21. Rd2 Bd5 22. g4 Ng6 23. Rg3 Ne5 24. f4 Nd7 25. Re3 Nc5 26. Bf1 Ne4 27. Rdd3 Rxb2 28. Be2 a5 29. Bf3 Nc5 30. Rc3 Na4 31. Ra3 Nb6 32. Rxa5 Nc4 33. Rxd5 cxd5 34. Rc3 Re8+ 35. Kd1 Ra2 36. Bxd5 Ra1+ 37. Kc2 Ne3+ 38. Kb2 Nxd5 39. Rc5 Rh1 40. Rxd5 Rxh2+ 41. Kc3 Rc8+ 42. Kb4 Rb2+ 43. Nb3 Rb8+ 44. Kc4 R2xb3 45. Rc5 R3b4+ 46. Kd5 Rxf4 47. Kd6 h6 0-1